| 000 | nam a22 7a 4500 | ||
|---|---|---|---|
| 999 |
_c17607 _d17607 |
||
| 008 | 161128b xxu||||| |||| 00| 0 eng d | ||
| 050 | _aPR 4713 .G55 1961 | ||
| 100 |
_aGilbert,W.S. _d1961 |
||
| 245 | _aThe Mikado and five other Savoy operas. | ||
| 260 |
_aNY: _bDolphin books. _c1961. |
||
| 300 | _a386p.:ill | ||
| 650 | _aoperas--libretos. | ||
| 942 |
_2lcc _cBOOKS _hPR 4713 .G55 1961 |
||